| 000 | 00380 a2200169 4500 | ||
|---|---|---|---|
| 001 | 72680 | ||
| 020 | _a8508001444 | ||
| 040 | _cAnchieta - Colégio São Paulo | ||
| 100 | _aPorto, Cristina | ||
| 240 | 1 | 0 |
_aSe... Será, Serafina? _lpor |
| 245 | 1 | 0 | _aSe... Será, Serafina? |
| 300 | _a64 | ||
| 362 | 0 | _a1985 | |
| 440 | 1 | _aÁtica | |
| 650 | 4 | _aLiteratura infantil | |
| 942 | _cBK | ||
| 999 |
_c72680 _d72680 |
||